| 000 | 00929nam a22002657a 4500 | ||
|---|---|---|---|
| 003 | OSt | ||
| 005 | 20230622103817.0 | ||
| 008 | 230622b |||||||| |||| 00| 0 eng d | ||
| 020 | _a9780195320916 | ||
| 040 | _cNIRUC | ||
| 050 |
_aJK 275 _b .S568 |
||
| 130 | _aSocial and psychological bases of ideology and system justification | ||
| 245 |
_aSocial and psychological bases of ideology and system justification _cEdited by Jost, John T. ...[ et al] |
||
| 260 |
_aLondon | New York _bOxford university press _c2009 |
||
| 300 | _a529 p. | ||
| 500 | _aIncludes bibliographical references and index | ||
| 650 | _2politics and government | ||
| 650 | _2ideology-political aspects | ||
| 650 | _2political psychology | ||
| 650 | _2Religion and politics | ||
| 651 | _aUnited states | ||
| 700 | _eEdited by John T. Jost, Aaron C. Kay [and] Hulda Thorisdottir | ||
| 760 | _bseries in political psychology | ||
| 942 |
_2lcc _cBK _n0 |
||
| 999 |
_c138 _d138 |
||